00537nam a2200193 a 4500001001300000003000900013005001700022008004100039020001000080082001500090100002300105245006200128260004300190300000900233500003500242505001200277650003100289700002300320nice12345678IN_TiNIC20260116011829.0050524s1877 lona grp 000 0 eng  ac10000a227.1bCHR aChrysosstom, Saint aHomilies of Epistle of S. Paul the Apostle to the Romans. aLondonbOxford University Press c1877 a509p aincludes index and biblioraphy2 aReserve aBible N.T. Epistles Romans1 aChrysosstom, Saint